[Event "Hum na Sutli op 12th"]
[Site "Hum na Sutli"]
[Date "2018.08.31"]
[Round "9"]
[White "Erenda, Bruno"]
[Black "Suta, Andraz"]
[Result "1-0"]
[WhiteElo "2012"]
[BlackElo "2168"]
[PlyCount "83"]
[EventDate "2018.08.25"]
[EventType "swiss"]
[EventRounds "9"]
[EventCountry "CRO"]
[SourceTitle "CBM 186 Extra"]
[Source "ChessBase"]
[SourceDate "2018.08.24"]
[SourceVersion "1"]
[SourceVersionDate "2018.08.24"]
[SourceQuality "1"]

1. d4 Nf6 2. Nc3 d5 3. Bg5 c5 4. Bxf6 gxf6 5. e4 e6 6. exd5 exd5 7. Bb5+ Nc6 8. Qe2+ Be6 9. dxc5 Qa5 10. 0-0-0 0-0-0 11. Bxc6 bxc6 12. Nf3 Bxc5 13. Nd4 Bd7 14. Nb3 Qb4 15. a3 Qf4+ 16. Kb1 Bb6 17. Qa6+ Kb8 18. f3 Rhe8 19. a4 Bc8 20. Qf1 a5 21. Qd3 Re3 22. Qd2 Rde8 23. Nd4 Bb7 24. Nde2 Qb4 25. Ng3 R3e5 26. Rhe1 d4 27. Rxe5 Rxe5 28. Nce4 Qxa4 29. Nxf6 Rb5 30. Nd7+ Ka7 31. Nxb6 Rxb6 32. Qxd4 Qb5 33. Rd3 c5 34. Qc3 Bc8 35. Ne4 Be6 36. Rd1 h5 37. Qe5 Rc6 38. Nc3 Qc4 39. Qe4 Qa6 40. f4 Rd6 41. Rxd6 Qxd6 42. Nb5+ 1-0

[Event "Hum na Sutli op 12th"]
[Site "Hum na Sutli"]
[Date "2018.08.29"]
[Round "7"]
[White "Starcevic, Ante Leon"]
[Black "Erenda, Bruno"]
[Result "1-0"]
[WhiteElo "2176"]
[BlackElo "2012"]
[PlyCount "79"]
[EventDate "2018.08.25"]
[EventType "swiss"]
[EventRounds "9"]
[EventCountry "CRO"]
[SourceTitle "CBM 186 Extra"]
[Source "ChessBase"]
[SourceDate "2018.08.24"]
[SourceVersion "1"]
[SourceVersionDate "2018.08.24"]
[SourceQuality "1"]

1. c4 c6 2. e4 d5 3. exd5 cxd5 4. d4 Nf6 5. Nc3 Nc6 6. Bg5 Be6 7. c5 g6 8. Bxf6 exf6 9. Bb5 Bh6 10. Nge2 0-0 11. Bxc6 bxc6 12. b4 Qd7 13. Rb1 Rab8 14. a4 Rfe8 15. 0-0 Bg4 16. Re1 a6 17. Rb2 Bf5 18. Qb3 Bd3 19. Nxd5 cxd5 20. Qxd3 Qxa4 21. Reb1 Re6 22. Nc3 Qd7 23. Re2 Rxe2 24. Qxe2 Qf5 25. g3 Kg7 26. Kg2 Bg5 27. Rb3 Qe6 28. Qxe6 fxe6 29. f4 Bh6 30. Na4 e5 31. c6 Rc8 32. Rc3 exd4 33. Rc5 Kf7 34. Nb6 Rc7 35. Nxd5 Rc8 36. c7 d3 37. Kf3 Bf8 38. Rc3 Bxb4 39. Nxb4 a5 40. Nxd3 1-0

[Event "Hum na Sutli op 12th"]
[Site "Hum na Sutli"]
[Date "2018.08.28"]
[Round "6"]
[White "Erenda, Bruno"]
[Black "Ghersinich, Enrico"]
[Result "1-0"]
[WhiteElo "2012"]
[BlackElo "2129"]
[PlyCount "119"]
[EventDate "2018.08.25"]
[EventType "swiss"]
[EventRounds "9"]
[EventCountry "CRO"]
[SourceTitle "CBM 186 Extra"]
[Source "ChessBase"]
[SourceDate "2018.08.24"]
[SourceVersion "1"]
[SourceVersionDate "2018.08.24"]
[SourceQuality "1"]

1. d4 Nf6 2. Nf3 c5 3. d5 b5 4. Bg5 Ne4 5. Bh4 Qa5+ 6. Nbd2 Bb7 7. a4 Nxd2 8. Qxd2 Qxd2+ 9. Nxd2 Bxd5 10. axb5 d6 11. e4 Bb7 12. Be2 Nd7 13. 0-0 g6 14. f3 Bg7 15. c3 Nb6 16. Ra3 Nc8 17. Rfa1 Rb8 18. Nc4 f5 19. exf5 gxf5 20. Bd3 Rf8 21. Re1 e5 22. Ne3 f4 23. Nc4 Kd7 24. Bxh7 Bd5 25. Bd3 Ke6 26. Nd2 Rh8 27. Bf2 Bf6 28. Ra4 Ba8 29. c4 Rg8 30. Rd1 Rg7 31. b3 Nb6 32. Ra2 Rbg8 33. g4 fxg3 34. hxg3 Bh4 35. g4 Bxf2+ 36. Kxf2 Rh8 37. Bf5+ Kf6 38. Kg3 Rc7 39. Rda1 d5 40. Rxa7 Rxa7 41. Rxa7 dxc4 42. Ra6 c3 43. Rxb6+ Kg7 44. Nb1 c2 45. Bxc2 Rh1 46. Nd2 Bd5 47. Be4 Bg8 48. Rd6 Rg1+ 49. Kf2 Ra1 50. b6 Ra6 51. Rg6+ Kf7 52. b7 Ra2 53. Rd6 Ra7 54. b8Q Re7 55. Bd5+ Re6 56. Ne4 Bh7 57. Ng5+ Kg7 58. Nxe6+ Kh6 59. Qf8+ Kg6 60. Qg7# 1-0

[Event "Hum na Sutli op 12th"]
[Site "Hum na Sutli"]
[Date "2018.08.26"]
[Round "4"]
[White "Erenda, Bruno"]
[Black "Medic, Mirjana"]
[Result "1-0"]
[WhiteElo "2012"]
[BlackElo "2167"]
[PlyCount "97"]
[EventDate "2018.08.25"]
[EventType "swiss"]
[EventRounds "9"]
[EventCountry "CRO"]
[SourceTitle "CBM 186 Extra"]
[Source "ChessBase"]
[SourceDate "2018.08.24"]
[SourceVersion "1"]
[SourceVersionDate "2018.08.24"]
[SourceQuality "1"]

1. e4 e6 2. d4 d5 3. exd5 exd5 4. Nc3 Nf6 5. Bg5 Be7 6. Qd2 h6 7. Bh4 Ne4 8. Bxe7 Qxe7 9. Nxe4 dxe4 10. 0-0-0 0-0 11. Ne2 Bf5 12. h3 Nc6 13. g4 Bh7 14. Nc3 Rad8 15. Qe3 Rfe8 16. Bg2 Na5 17. Qe2 Qf6 18. d5 Qf4+ 19. Qe3 Qxe3+ 20. fxe3 Nc4 21. Rhe1 Re5 22. Rd4 Nd6 23. Rf1 h5 24. Rf4 g5 25. Rf1 hxg4 26. hxg4 Rd7 27. b3 Rde7 28. Rdd1 f5 29. Bh3 Rf7 30. Ne2 fxg4 31. Rxf7 Kxf7 32. Bxg4 Bf5 33. Bh5+ Kf6 34. c4 b6 35. Rf1 Re7 36. Nd4 a5 37. Kd2 Re5 38. Nc6 Re7 39. Nxe7 Kxe7 40. Kc3 Bh3 41. Rg1 Kf6 42. Kd4 Kf5 43. Be2 g4 44. c5 Nb7 45. cxb6 cxb6 46. Bb5 Nc5 47. d6 Ke6 48. d7 Ke7 49. Ke5 1-0

[Event "CRO-chT U20 26th"]
[Site "Sv Filip i Jakov"]
[Date "2018.04.03"]
[Round "1.18"]
[White "Erenda, Bruno"]
[Black "Makovec, Bruno"]
[Result "0-1"]
[WhiteElo "1967"]
[BlackElo "2313"]
[PlyCount "108"]
[EventDate "2018.04.03"]
[EventType "team-swiss"]
[EventRounds "11"]
[EventCountry "CRO"]
[SourceTitle "CBM 184 Extra"]
[Source "ChessBase"]
[SourceDate "2018.06.28"]
[SourceVersion "1"]
[SourceVersionDate "2018.06.28"]
[SourceQuality "1"]

1. d4 Nf6 2. Nf3 e6 3. Bf4 c5 4. e3 cxd4 5. exd4 Be7 6. h3 0-0 7. c3 b6 8. Bd3 Bb7 9. Nbd2 d6 10. 0-0 Nbd7 11. Re1 Re8 12. Qc2 Nf8 13. Bh2 Bc6 14. Ng5 Qd7 15. Nge4 Nxe4 16. Bxe4 b5 17. a4 a6 18. Bxc6 Qxc6 19. Bf4 Nd7 20. Nf3 Nf6 21. Bg5 Rec8 22. Rec1 h6 23. Bd2 Rab8 24. axb5 axb5 25. Ra7 Bf8 26. Rca1 b4 27. Nh2 bxc3 28. bxc3 Ne4 29. R7a6 Qd5 30. Qd3 Nc5 31. Qg3 Nxa6 32. Ng4 Kh8 33. Rxa6 Ra8 34. Rxa8 Rxa8 35. h4 Qf5 36. Bf4 Rc8 37. Kh2 Qg6 38. Qf3 Qh5 39. Bg3 f5 40. Qb7 Re8 41. Ne3 f4 42. Qd7 fxg3+ 43. fxg3 Kg8 44. Ng4 Qf7 45. Qb5 Rc8 46. c4 Qc7 47. Qh5 Qf7 48. Qb5 Qe8 49. Qb3 Qc6 50. Qd3 Qe8 51. d5 Qf7 52. Qe4 Re8 53. dxe6 Qxe6 54. Qd4 Be7 0-1

[Event "CRO-ch U19"]
[Site "Vinkovci"]
[Date "2017.07.29"]
[Round "8"]
[White "Plenca, Jadranko"]
[Black "Erenda, Bruno"]
[Result "1-0"]
[WhiteElo "2446"]
[BlackElo "1997"]
[PlyCount "67"]
[EventDate "2017.07.24"]
[EventType "swiss"]
[EventRounds "9"]
[EventCountry "CRO"]
[SourceTitle "EXT 2018"]
[Source "ChessBase"]
[SourceDate "2017.10.13"]
[SourceVersion "1"]
[SourceVersionDate "2017.10.13"]
[SourceQuality "1"]

1. Nf3 d5 2. d4 Nf6 3. g3 Bf5 4. Bg2 e6 5. 0-0 Nbd7 6. c4 c6 7. Nbd2 Bd6 8. b3 h6 9. Bb2 0-0 10. Re1 Re8 11. Ne5 Bxe5 12. dxe5 Ng4 13. e4 dxe4 14. Nxe4 Ngxe5 15. Nd6 Nd3 16. Nxe8 Nxb2 17. Qd4 Qxe8 18. Qxb2 Qe7 19. Rad1 Nf6 20. b4 Qc7 21. a3 Rc8 22. Qd4 Qb6 23. Qxb6 axb6 24. b5 Bc2 25. Rd6 Ba4 26. Rb1 Bc2 27. Rb2 Be4 28. bxc6 bxc6 29. Rxb6 Ra8 30. Bxe4 Nxe4 31. Rd4 Ng5 32. Kg2 e5 33. Rd3 Rc8 34. Rdb3 1-0

[Event "CRO-chT U20"]
[Site "Sv Filip i Jakov"]
[Date "2017.04.20"]
[Round "3.2"]
[White "Erenda, Bruno"]
[Black "Blazeka, Mihaela"]
[Result "0-1"]
[WhiteElo "2091"]
[BlackElo "2037"]
[PlyCount "86"]
[EventDate "2017.04.18"]
[EventType "team-tourn"]
[EventRounds "7"]
[EventCountry "CRO"]
[SourceTitle "EXT 2019"]
[Source "ChessBase"]
[SourceDate "2018.10.10"]
[SourceVersion "1"]
[SourceVersionDate "2018.10.10"]
[SourceQuality "1"]

1. Nf3 Nf6 2. c4 e6 3. g3 b6 4. Bg2 Bb7 5. 0-0 c5 6. Nc3 d6 7. d4 cxd4 8. Qxd4 e5 9. Qd2 Ne4 10. Nxe4 Bxe4 11. Ng5 Bxg2 12. Kxg2 Qd7 13. b3 Nc6 14. Rd1 Be7 15. Ne4 Rd8 16. Bb2 0-0 17. Nc3 Qf5 18. Nd5 Bg5 19. Qd3 e4 20. Qc3 Bh6 21. Bc1 Bxc1 22. Raxc1 Rfe8 23. Ne3 Qh5 24. Qc2 f5 25. Nd5 Ne5 26. Rd4 Kf7 27. Nf4 Qh6 28. h4 Ng4 29. Rh1 Qf6 30. Rd5 g6 31. a4 Re7 32. a5 bxa5 33. Rxa5 Qd4 34. e3 Qxe3 35. Nd5 Qf3+ 36. Kg1 e3 37. fxe3 Qxg3+ 38. Kf1 Nxe3+ 39. Nxe3 Rxe3 40. Rxa7+ Kf8 41. Ra1 Rf3+ 42. Ke2 Rf2+ 43. Kd1 Qf3+ 0-1

[Event "CRO-chT U20"]
[Site "Sv Filip i Jakov"]
[Date "2017.04.19"]
[Round "2.3"]
[White "Erenda, Bruno"]
[Black "Pahljina, Marko"]
[Result "1-0"]
[WhiteElo "2091"]
[BlackElo "1922"]
[PlyCount "125"]
[EventDate "2017.04.18"]
[EventType "team-tourn"]
[EventRounds "7"]
[EventCountry "CRO"]
[SourceTitle "EXT 2019"]
[Source "ChessBase"]
[SourceDate "2018.10.10"]
[SourceVersion "1"]
[SourceVersionDate "2018.10.10"]
[SourceQuality "1"]

1. d4 d6 2. c4 Nf6 3. Nc3 Nbd7 4. e4 e5 5. Nge2 Be7 6. g3 0-0 7. Bg2 c6 8. 0-0 Qc7 9. h3 a5 10. Be3 h6 11. Qc2 exd4 12. Nxd4 Nc5 13. b3 Re8 14. f4 Bf8 15. Rfe1 Bd7 16. Rad1 Rad8 17. Bf2 Bc8 18. g4 Ne6 19. Nde2 Rd7 20. Rd2 Nc5 21. Ng3 Rdd8 22. Red1 Qe7 23. Bxc5 dxc5 24. e5 Rxd2 25. Rxd2 Nh7 26. Be4 g6 27. Re2 Bg7 28. Kg2 Nf8 29. Rd2 Ne6 30. Nce2 Rd8 31. Qd1 Rxd2 32. Qxd2 Qd7 33. Qxd7 Bxd7 34. f5 gxf5 35. gxf5 Ng5 36. f6 Bxh3+ 37. Kh2 Bf8 38. Nf4 Bg4 39. Kg2 Bd7 40. Kf2 b5 41. Ke3 Be8 42. Bf5 Kh8 43. Nge2 h5 44. Nxh5 Bh6 45. Nhf4 Ne6 46. Ke4 Bd7 47. Nxe6 Bxe6 48. Bxe6 fxe6 49. Nf4 Bxf4 50. Kxf4 Kg8 51. Kg5 Kf7 52. Kh6 bxc4 53. bxc4 a4 54. a3 Kf8 55. Kg6 Kg8 56. f7+ Kf8 57. Kh6 Kxf7 58. Kh7 Kf8 59. Kg6 Ke7 60. Kg7 Ke8 61. Kf6 Kd7 62. Kf7 Kd8 63. Kxe6 1-0

[Event "Bosnjaci op 22nd"]
[Site "Bosnjaci"]
[Date "2017.01.08"]
[Round "8"]
[White "Erenda, Bruno"]
[Black "Pavic, Filip"]
[Result "0-1"]
[WhiteElo "2087"]
[BlackElo "2269"]
[PlyCount "72"]
[EventDate "2017.01.03"]
[EventType "swiss"]
[EventRounds "9"]
[EventCountry "CRO"]
[SourceTitle "CBM 176 Extra"]
[Source "ChessBase"]
[SourceDate "2017.03.02"]
[SourceVersion "1"]
[SourceVersionDate "2017.03.02"]
[SourceQuality "1"]

1. d4 Nf6 2. c4 e6 3. Nf3 b6 4. Nbd2 Bb7 5. e3 Be7 6. Bd3 d5 7. 0-0 0-0 8. b3 Nbd7 9. Bb2 c5 10. Rc1 cxd4 11. exd4 Nh5 12. Re1 Nf4 13. Bf1 Rc8 14. g3 Ng6 15. Bg2 dxc4 16. Nxc4 Nf6 17. a3 Rc7 18. Re2 Be4 19. Rd2 Qa8 20. Ne1 Rfc8 21. Ne5 Rxc1 22. Bxc1 Bxg2 23. Nxg2 Qe4 24. Bb2 Bd6 25. Ne3 Ne7 26. N3c4 Bb8 27. Qf3 Bxe5 28. Nxe5 Qe1+ 29. Kg2 Qxd2 30. Qb7 Qxb2 31. Qxe7 Qxd4 32. Qxf7+ Kh8 33. f4 Qe4+ 34. Kh3 Qf5+ 35. g4 Rc3+ 36. Kh4 g5+ 0-1

[Event "CRO-ch U17"]
[Site "Vinkovci"]
[Date "2016.07.27"]
[Round "4"]
[White "Sculac, Zvonimir"]
[Black "Erenda, Bruno"]
[Result "0-1"]
[WhiteElo "1736"]
[BlackElo "2022"]
[PlyCount "100"]
[EventDate "2016.07.25"]
[EventType "swiss"]
[EventRounds "9"]
[EventCountry "CRO"]
[SourceTitle "CBM 173 Extra"]
[Source "ChessBase"]
[SourceDate "2016.08.29"]
[SourceVersion "1"]
[SourceVersionDate "2016.08.29"]
[SourceQuality "1"]

1. Nf3 d5 2. c4 c6 3. e3 Nf6 4. b3 Bg4 5. Bb2 e6 6. Be2 Nbd7 7. d4 Bd6 8. c5 Bc7 9. Nbd2 0-0 10. Ne5 Bxe2 11. Qxe2 Nxe5 12. dxe5 Nd7 13. f4 Nxc5 14. 0-0 Nd7 15. Qg4 Qe7 16. e4 Qc5+ 17. Kh1 Qc2 18. Bc1 dxe4 19. Nc4 b5 20. Ne3 Qc3 21. Rb1 Bb6 22. Qg3 Rfd8 23. Re1 Bxe3 24. Bxe3 Nf8 25. Qf2 Qa5 26. Rbc1 Rd7 27. Rxc6 Rad8 28. Rcc1 Ng6 29. g4 Ne7 30. f5 Nd5 31. Bg5 Re8 32. f6 e3 33. Qh4 Qb4 34. Bxe3 Qe4+ 35. Kg1 Nxe3 36. Re2 Qxg4+ 37. Qxg4 Nxg4 38. Rg2 Nxf6 39. exf6 g6 40. Rg5 Rb8 41. Rgc5 h5 42. R1c2 Kh7 43. Kf2 Kh6 44. Ke3 g5 45. Rg2 Rd5 46. Rc7 Kg6 47. Rxa7 Rbd8 48. Ra5 Re5+ 49. Kf2 Rd2+ 50. Kf1 Rf5+ 0-1

[Event "CRO-chT U20 25th"]
[Site "Sv Filip i Jakov"]
[Date "2016.03.26"]
[Round "9.2"]
[White "Erenda, Bruno"]
[Black "Haidinger, Erik"]
[Result "1-0"]
[WhiteElo "1868"]
[BlackElo "1668"]
[PlyCount "89"]
[EventDate "2016.03.21"]
[EventType "team-tourn"]
[EventRounds "9"]
[EventCountry "CRO"]
[SourceTitle "CBM 171 Extra"]
[Source "ChessBase"]
[SourceDate "2016.04.26"]
[SourceVersion "1"]
[SourceVersionDate "2016.04.26"]
[SourceQuality "1"]

1. d4 Nf6 2. c4 g6 3. Nc3 Bg7 4. e4 d6 5. f3 0-0 6. Nge2 c6 7. Bg5 Nbd7 8. Qd2 a6 9. Rc1 b5 10. Ng3 Qa5 11. a3 Rb8 12. Be2 Qb6 13. Be3 bxc4 14. Na4 Qb3 15. Rxc4 d5 16. Rb4 Rxb4 17. Bd1 Rxd4 18. Bxd4 Qb7 19. e5 Ne8 20. f4 Nc7 21. b4 Nb5 22. Bb2 Qc7 23. 0-0 Bb7 24. Bb3 a5 25. Rc1 e6 26. Ne2 Bh6 27. Qd3 Ra8 28. Qxb5 cxb5 29. Rxc7 bxa4 30. Rxd7 Ba6 31. Bd1 axb4 32. g3 Rc8 33. Nd4 b3 34. Ra7 Bd3 35. Rxa4 g5 36. Nxb3 gxf4 37. gxf4 Bc4 38. Nd2 Bxf4 39. Nxc4 Rxc4 40. Rxc4 dxc4 41. Bd4 Bd2 42. Be2 c3 43. Bd3 h6 44. Kf2 Kf8 45. Be3 1-0

[Event "CRO-chT U20 25th"]
[Site "Sv Filip i Jakov"]
[Date "2016.03.25"]
[Round "7.1"]
[White "Markovic, Franjo Josip"]
[Black "Erenda, Bruno"]
[Result "1/2-1/2"]
[WhiteElo "1900"]
[BlackElo "1868"]
[PlyCount "22"]
[EventDate "2016.03.21"]
[EventType "team-tourn"]
[EventRounds "9"]
[EventCountry "CRO"]
[SourceTitle "CBM 171 Extra"]
[Source "ChessBase"]
[SourceDate "2016.04.26"]
[SourceVersion "1"]
[SourceVersionDate "2016.04.26"]
[SourceQuality "1"]

1. d4 d5 2. c4 dxc4 3. Nf3 Nf6 4. Nc3 a6 5. a4 e6 6. e3 c5 7. Bxc4 Nc6 8. 0-0 cxd4 9. exd4 Be7 10. d5 exd5 11. Nxd5 Nxd5 1/2-1/2

[Event "CRO-chT U20 25th"]
[Site "Sv Filip i Jakov"]
[Date "2016.03.24"]
[Round "6.5"]
[White "Udovicic, Dominik"]
[Black "Erenda, Bruno"]
[Result "0-1"]
[WhiteElo "1905"]
[BlackElo "1868"]
[PlyCount "90"]
[EventDate "2016.03.21"]
[EventType "team-tourn"]
[EventRounds "9"]
[EventCountry "CRO"]
[SourceTitle "CBM 171 Extra"]
[Source "ChessBase"]
[SourceDate "2016.04.26"]
[SourceVersion "1"]
[SourceVersionDate "2016.04.26"]
[SourceQuality "1"]

1. e4 e6 2. d4 d5 3. Nc3 Bb4 4. e5 Ne7 5. Bg5 c5 6. Nf3 Nbc6 7. Qd3 Bd7 8. dxc5 Bxc5 9. Be3 Nb4 10. Qd2 Bxe3 11. fxe3 Qb6 12. Nd4 0-0 13. a3 Nbc6 14. Na4 Qd8 15. Nc5 Nxe5 16. Nxb7 Qc7 17. Na5 Ng4 18. Nab3 a5 19. Be2 Ne5 20. Nf3 N7g6 21. Nbd4 Rab8 22. b3 a4 23. 0-0 Rfc8 24. Rfc1 Qc3 25. h3 Nxf3+ 26. Nxf3 axb3 27. cxb3 Qxb3 28. Rxc8+ Rxc8 29. Nd4 Qb8 30. Kf2 e5 31. Nb5 Bxb5 32. Rb1 Qa7 33. Rxb5 d4 34. Rb3 Qc5 35. Rd3 Rd8 36. a4 Ne7 37. g4 Nd5 38. exd4 exd4 39. Rxd4 Nb6 40. a5 Rxd4 41. Qe3 Nd7 42. a6 Rf4+ 43. Bf3 Qxe3+ 44. Kxe3 Ra4 45. Bc6 Ra3+ 0-1

[Event "CRO-chT U20 25th"]
[Site "Sv Filip i Jakov"]
[Date "2016.03.23"]
[Round "5.2"]
[White "Erenda, Bruno"]
[Black "Samardzic, Nikola"]
[Result "1-0"]
[WhiteElo "1868"]
[BlackElo "1750"]
[PlyCount "47"]
[EventDate "2016.03.21"]
[EventType "team-tourn"]
[EventRounds "9"]
[EventCountry "CRO"]
[SourceTitle "CBM 171 Extra"]
[Source "ChessBase"]
[SourceDate "2016.04.26"]
[SourceVersion "1"]
[SourceVersionDate "2016.04.26"]
[SourceQuality "1"]

1. d4 f5 2. c4 Nf6 3. Nc3 e6 4. g3 d5 5. Bg2 c6 6. Nh3 Be7 7. 0-0 0-0 8. Qb3 Na6 9. Bf4 Nc7 10. Rac1 Ne4 11. cxd5 Nxc3 12. bxc3 Nxd5 13. Bd2 Qe8 14. c4 Nf6 15. Rfd1 Kh8 16. Rc2 Bd6 17. Bf4 Bxf4 18. Nxf4 g5 19. Nd3 Qh5 20. Ne5 g4 21. Qb4 Qe8 22. d5 a5 23. Qb2 Ra6 24. dxc6 1-0

[Event "CRO-chT U20 25th"]
[Site "Sv Filip i Jakov"]
[Date "2016.03.23"]
[Round "4.4"]
[White "Matosevic, Ivica"]
[Black "Erenda, Bruno"]
[Result "1/2-1/2"]
[WhiteElo "2039"]
[BlackElo "1868"]
[PlyCount "31"]
[EventDate "2016.03.21"]
[EventType "team-tourn"]
[EventRounds "9"]
[EventCountry "CRO"]
[SourceTitle "CBM 171 Extra"]
[Source "ChessBase"]
[SourceDate "2016.04.26"]
[SourceVersion "1"]
[SourceVersionDate "2016.04.26"]
[SourceQuality "1"]

1. d4 Nf6 2. c4 e6 3. Nf3 d5 4. g3 Bb4+ 5. Bd2 Be7 6. Bg2 0-0 7. 0-0 Nbd7 8. Qc2 c6 9. Rd1 b6 10. Bf4 Bb7 11. Ne5 Nxe5 12. dxe5 Nd7 13. cxd5 cxd5 14. e4 dxe4 15. Bxe4 Bxe4 16. Qxe4 1/2-1/2

[Event "CRO-chT U16"]
[Site "Nasice"]
[Date "2015.12.29"]
[Round "6.4"]
[White "Cvitan, Ena"]
[Black "Erenda, Bruno"]
[Result "1/2-1/2"]
[WhiteElo "2027"]
[BlackElo "1902"]
[PlyCount "37"]
[EventDate "2015.12.27"]
[EventType "team-tourn"]
[EventRounds "7"]
[EventCountry "CRO"]
[SourceTitle "EXT 2019"]
[Source "ChessBase"]
[SourceDate "2018.10.10"]
[SourceVersion "1"]
[SourceVersionDate "2018.10.10"]
[SourceQuality "1"]

1. d4 d5 2. c4 c6 3. cxd5 cxd5 4. Nc3 Nf6 5. Nf3 Nc6 6. Bf4 a6 7. Rc1 Bf5 8. Qb3 Ra7 9. e3 e6 10. Be2 Bd6 11. Bxd6 Qxd6 12. 0-0 0-0 13. Na4 b5 14. Nc5 Na5 15. Qa3 Nc4 16. Qb3 Na5 17. Qa3 Nc4 18. Qb3 Na5 19. Qa3 1/2-1/2

[Event "CRO-chT U16 9th"]
[Site "Krapinske Toplice"]
[Date "2014.12.28"]
[Round "4.13"]
[White "Erenda, Bruno"]
[Black "Bencic, Vedran"]
[Result "1-0"]
[WhiteElo "1750"]
[BlackElo "1541"]
[PlyCount "69"]
[EventDate "2014.12.27"]
[EventType "team-tourn"]
[EventRounds "7"]
[EventCountry "CRO"]
[SourceTitle "EXT 2019"]
[Source "ChessBase"]
[SourceDate "2018.10.10"]
[SourceVersion "1"]
[SourceVersionDate "2018.10.10"]
[SourceQuality "1"]

1. d4 Nf6 2. c4 c5 3. Nf3 cxd4 4. Nxd4 e5 5. Nb5 d5 6. cxd5 Bc5 7. N5c3 Bf5 8. g3 0-0 9. Bg2 e4 10. e3 Qe7 11. Nd2 Rd8 12. 0-0 Nbd7 13. a3 a6 14. b4 Bd6 15. Bb2 Rac8 16. Qb3 Nb6 17. Rfd1 Be5 18. Rac1 Bxc3 19. Bxc3 Nbxd5 20. Bd4 Bg4 21. Re1 b6 22. h3 Bf5 23. g4 Rxc1 24. Rxc1 Bg6 25. Qa4 Qb7 26. g5 Ne8 27. Nxe4 Bxe4 28. Bxe4 Qe7 29. Bg2 Qxg5 30. Qxa6 Qg6 31. Rc8 Qd6 32. Qa8 Rxc8 33. Qxc8 Ndc7 34. Qb8 b5 35. Bb6 1-0

[Event "CRO-chT U16 9th"]
[Site "Krapinske Toplice"]
[Date "2014.12.27"]
[Round "1.13"]
[White "Cigrovski, Jakov"]
[Black "Erenda, Bruno"]
[Result "1/2-1/2"]
[WhiteElo "1675"]
[BlackElo "1750"]
[PlyCount "106"]
[EventDate "2014.12.27"]
[EventType "team-tourn"]
[EventRounds "7"]
[EventCountry "CRO"]
[SourceTitle "EXT 2019"]
[Source "ChessBase"]
[SourceDate "2018.10.10"]
[SourceVersion "1"]
[SourceVersionDate "2018.10.10"]
[SourceQuality "1"]

1. c4 e5 2. Nc3 Nf6 3. g3 d5 4. cxd5 Nxd5 5. Bg2 Nb6 6. Nf3 Nc6 7. 0-0 Be7 8. d3 0-0 9. a3 Re8 10. b4 a6 11. Ne4 Bf8 12. Nc5 a5 13. b5 Na7 14. Na4 Nxb5 15. Nxb6 cxb6 16. Ng5 Nd6 17. f4 h6 18. fxe5 hxg5 19. exd6 Qxd6 20. Kh1 Qe5 21. Rb1 Bc5 22. Be4 Bg4 23. Bb2 Bd4 24. Bxd4 Qxd4 25. Qb3 Re6 26. Bd5 a4 27. Qc4 Qxc4 28. Bxc4 Rxe2 29. Rxf7 Kh8 30. Rxb6 Bh3 31. Kg1 Rae8 32. Rb1 Rg2+ 33. Kh1 Ree2 34. Rf8+ Kh7 35. Bd5 Rxh2+ 36. Kg1 g4 37. Be4+ Rxe4 38. dxe4 Rg2+ 39. Kh1 Ra2 40. Re1 Bg2+ 41. Kg1 Bf3 42. e5 Rxa3 43. e6 Bc6 44. e7 Rxg3+ 45. Kf2 Rg2+ 46. Kf1 Rb2 47. e8Q Bxe8 48. Rfxe8 b5 49. R8e2 Rb3 50. Re4 g3 51. R4e3 Rb2 52. Rxg3 b4 53. Re7 b3 1/2-1/2

[Event "CRO-ch U15"]
[Site "Kastel Stafilic"]
[Date "2014.06.24"]
[Round "5"]
[White "Vojak, Daniel"]
[Black "Erenda, Bruno"]
[Result "1/2-1/2"]
[WhiteElo "1933"]
[BlackElo "1750"]
[PlyCount "45"]
[EventDate "2014.06.22"]
[EventType "swiss"]
[EventRounds "9"]
[EventCountry "CRO"]
[SourceTitle "CBM 161 Extra"]
[Source "ChessBase"]
[SourceDate "2014.08.29"]
[SourceVersion "1"]
[SourceVersionDate "2014.08.29"]
[SourceQuality "1"]

1. e4 e6 2. d4 d5 3. exd5 exd5 4. c4 Nf6 5. Nc3 Be7 6. Bd3 0-0 7. Nge2 c6 8. 0-0 dxc4 9. Bxc4 Nbd7 10. Re1 Nb6 11. Bb3 Nfd5 12. Nf4 Bb4 13. Qd3 Nxf4 14. Bxf4 Qf6 15. Be5 Qg6 16. Qxg6 hxg6 17. a3 Bxc3 18. bxc3 Re8 19. Bc7 Bf5 20. c4 Rxe1+ 21. Rxe1 Be6 22. Rc1 Rc8 23. Bf4 1/2-1/2

[Event "CRO-chT U20 23rd"]
[Site "Sv Filip i Jakov"]
[Date "2014.04.15"]
[Round "3.4"]
[White "Jelic, Filip"]
[Black "Erenda, Bruno"]
[Result "1-0"]
[WhiteElo "1934"]
[BlackElo "1783"]
[PlyCount "148"]
[EventDate "2014.04.14"]
[EventType "team-tourn"]
[EventRounds "11"]
[EventCountry "CRO"]
[SourceTitle "EXT 2016"]
[Source "ChessBase"]
[SourceDate "2015.10.08"]
[SourceVersion "1"]
[SourceVersionDate "2015.10.08"]
[SourceQuality "1"]

1. b3 e5 2. Bb2 Nc6 3. e3 d5 4. Bb5 Bd6 5. Nf3 f6 6. d4 exd4 7. Nxd4 Nge7 8. 0-0 0-0 9. Bxc6 bxc6 10. Nxc6 Nxc6 11. Qxd5+ Kh8 12. Qxc6 Bd7 13. Qf3 Qe8 14. Nd2 Bc6 15. Qe2 Qg6 16. Nf3 Qh5 17. h3 Qg6 18. Nh4 Qe4 19. Nf3 Rae8 20. Rad1 Be5 21. Bxe5 fxe5 22. Ne1 Qb4 23. c4 Rf6 24. e4 Rg6 25. Nd3 Qe7 26. Kh2 Qh4 27. Nc5 Qg5 28. Rg1 Qf4+ 29. g3 Qf8 30. Qe3 Rf6 31. Rgf1 Qe7 32. Nd3 Ref8 33. Rd2 Rf3 34. Qe2 R3f6 35. Kg2 Rh6 36. Ne1 Bd7 37. Rh1 Rhf6 38. Qe3 Bc6 39. f3 a5 40. Rf1 Qb4 41. Nc2 Qe7 42. Qd3 Qf7 43. Rdf2 Qe7 44. Ne3 Qc5 45. Nd5 Rg6 46. Nxc7 Qe7 47. Nd5 Qh4 48. f4 Bxd5 49. cxd5 exf4 50. g4 h5 51. Rxf4 Rxf4 52. Rxf4 hxg4 53. Rxg4 Rxg4+ 54. hxg4 Qxg4+ 55. Kf2 Qf4+ 56. Ke1 Qc1+ 57. Ke2 Qb2+ 58. Qd2 Qe5 59. Kd3 Qg3+ 60. Qe3 Qg2 61. Qd2 Qf1+ 62. Kd4 Qa6 63. Qc3 Qb6+ 64. Qc5 Qf6+ 65. Kd3 Qf1+ 66. Kd4 Qf2+ 67. Kc4 Qe2+ 68. Kc3 Qe1+ 69. Kb2 a4 70. bxa4 Qxe4 71. Qc8+ Kh7 72. Qh3+ Kg6 73. Qe6+ Qxe6 74. dxe6 Kf5 1-0

[Event "CRO-chT U16 (2013) final"]
[Site "Rijeka"]
[Date "2014.01.11"]
[Round "5.1"]
[White "Erenda, Bruno"]
[Black "Bulic Braculj, Luka"]
[Result "1-0"]
[WhiteElo "1717"]
[BlackElo "1657"]
[PlyCount "77"]
[EventDate "2014.01.09"]
[EventType "team-tourn"]
[EventRounds "7"]
[EventCountry "CRO"]
[SourceTitle "EXT 2023"]
[Source "ChessBase"]
[SourceDate "2022.10.05"]
[SourceVersion "1"]
[SourceVersionDate "2022.10.05"]
[SourceQuality "1"]

1. d4 Nf6 2. c4 e6 3. Nc3 Bb4 4. Qc2 Nc6 5. Nf3 0-0 6. a3 Bxc3+ 7. Qxc3 d6 8. Bg5 h6 9. Bxf6 Qxf6 10. g3 Rd8 11. Bg2 e5 12. d5 Ne7 13. e4 Ng6 14. 0-0 Qe7 15. Nd2 f5 16. f3 f4 17. Rf2 Rf8 18. g4 Nh4 19. Bf1 g5 20. b4 b6 21. c5 bxc5 22. bxc5 Bd7 23. Rb1 Rfd8 24. Qa5 Bc8 25. Bb5 Bd7 26. Qxc7 Qe8 27. Bxd7 Qxd7 28. Qxd7 Rxd7 29. cxd6 Rc8 30. Rff1 Rc2 31. Rb8+ Kf7 32. Nb3 Rb2 33. Nc5 Rg2+ 34. Kh1 Rxd6 35. Rb7+ Kf6 36. Nd7+ Ke7 37. Nxe5+ Kf6 38. Nc6 a6 39. e5+ 1-0